Entry Topical Term
Number of records used in: 2
001 - CONTROL NUMBER
003 - CONTROL NUMBER IDENTIFIER
005 - DATE AND TIME OF LATEST TRANSACTION
- control field:
20250827111019.0
008 - FIXED-LENGTH DATA ELEMENTS
- fixed length control field:
250827|| aca||aabn | a|a d
040 ## - CATALOGING SOURCE
- Original cataloging agency:
JRU
- Transcribing agency:
JRU
150 ## - HEADING--TOPICAL TERM
- Topical term or geographic name as entry element:
ECONOMICS
670 ## - SOURCE DATA FOUND
- Source citation:
Work cat.: (JRU)5707: SAMUELSON, PAUL AND NORDHAUS, WILLIAM D 8644, ECONOMICS , 2010